000 00883nam a2200313 a 4500
003 AR-BaBNM
005 20251128205905.0
008 082120s2002 ||||||||||||||000 | spa||
020 _a84-7432-461-0
040 _cAR-BaBNM
100 1 _aSimone, Raffaele
245 0 0 _aDiario lingüístico de una niña
_b¿qué quiere decir maistock?
250 _a1ª ed.
260 _aBarcelona
_bGedisa
_c1992
300 _a197 p.
_bgráfs.
490 0 _aHombre y sociedad
500 _aContiene índice temático en p. 193
650 4 _aTEORIA LINGÜISTICA
650 4 _aCOMPORTAMIENTO LINGÜISTICO
650 4 _aANALISIS LINGÜISTICO
650 4 _aENSEÑANZA DE LA LENGUA MATERNA
650 4 _aMEDIO FAMILIAR
650 4 _aLENGUAJE FAMILIAR
650 4 _aPSICOLINGÜISTICA
650 4 _aPSICOLOGIA EVOLUTIVA
650 4 _aLINGÜISTICA
942 _cBK
998 _cMARTIN
999 _c13174
_d13174